[Event "Berlin-ch Seniors op 36th"]
[Site "Berlin"]
[Date "2020.01.30"]
[Round "3.16"]
[White "Maetzing, Hans Dieter"]
[Black "Hahlbohm, Matthias"]
[Result "1/2-1/2"]
[WhiteElo "1909"]
[BlackElo "2016"]
[PlyCount "142"]
[EventDate "2020.01.28"]
[EventType "swiss"]
[EventRounds "9"]
[EventCountry "GER"]
[SourceTitle "EXT 2024"]
[Source "ChessBase"]
[SourceDate "2023.10.10"]
[SourceVersion "1"]
[SourceVersionDate "2023.10.10"]
[SourceQuality "1"]

1. Nc3 c5 2. e4 d6 3. g3 Nc6 4. Bg2 g6 5. d3 Bg7 6. Nf3 Nf6 7. 0-0 0-0 8. Ne2 Bg4 9. h3 Bd7 10. Be3 Qc7 11. Qd2 Rfd8 12. Bh6 Bh8 13. c4 Rab8 14. Nc3 a6 15. Rae1 b5 16. Nd5 Qa7 17. b3 Be6 18. Nf4 Bd7 19. Nd5 Be8 20. Qg5 Nb4 21. Nxb4 cxb4 22. Qe3 Qc7 23. Rc1 Qa5 24. Qe2 bxc4 25. dxc4 Nd7 26. Bg5 Nf6 27. Rc2 Rbc8 28. Bd2 Qb6 29. Be3 Qb8 30. Ne1 Bc6 31. f3 Bg7 32. Bf2 Nd7 33. Nd3 a5 34. Rd1 Ne5 35. f4 Nxd3 36. Rxd3 Qb7 37. Be1 Rd7 38. h4 Rdc7 39. Rcd2 Qb8 40. Bf2 Re8 41. Rc2 Qb7 42. Bf3 Ra8 43. Bd4 Bxd4+ 44. Rxd4 Qb6 45. Qf2 Rb7 46. Rdd2 Qc5 47. Qxc5 dxc5 48. Kf2 a4 49. e5 Bxf3 50. Kxf3 axb3 51. axb3 e6 52. Ra2 Ra3 53. Rab2 Rc7 54. Rd8+ Kg7 55. Rd3 h5 56. Ke3 Rca7 57. Rbd2 Ra1 58. Rb2 Rg1 59. Kf2 Raa1 60. Kf3 Raf1+ 61. Rf2 Rb1 62. Rc2 Rh1 63. Kg2 Rbg1+ 64. Kf3 Ra1 65. Kg2 Rhb1 66. Re2 Ra3 67. Ree3 Rb2+ 68. Kf3 Kf8 69. Ke4 Ke7 70. Kf3 Ra6 71. Re1 Ra3 1/2-1/2

[Event "Berlin Lichtenberger op 18th"]
[Site "Berlin"]
[Date "2019.08.19"]
[Round "3"]
[White "Hoyer, Olaf"]
[Black "Hahlbohm, Matthias"]
[Result "1-0"]
[WhiteElo "1824"]
[BlackElo "2041"]
[PlyCount "65"]
[EventDate "2019.08.17"]
[EventType "swiss"]
[EventRounds "9"]
[EventCountry "GER"]
[SourceTitle "EXT 2020"]
[Source "ChessBase"]
[SourceDate "2019.10.17"]
[SourceVersion "1"]
[SourceVersionDate "2019.10.17"]
[SourceQuality "1"]

1. d4 d5 2. Nf3 e6 3. b3 f5 4. Bb2 Nd7 5. e3 Ngf6 6. Nbd2 Be7 7. Bd3 0-0 8. 0-0 Ne4 9. c4 c6 10. Rc1 Rf6 11. Ne5 Nxe5 12. dxe5 Rh6 13. Nf3 Bd7 14. cxd5 cxd5 15. Qc2 Rc8 16. Qb1 Bc5 17. a3 a5 18. b4 axb4 19. axb4 Bxb4 20. Bd4 Ba3 21. Rxc8 Qxc8 22. Qb3 Be7 23. Rb1 Bc6 24. Bb5 Qe8 25. Qa4 g5 26. Bxc6 bxc6 27. Qa7 Bf8 28. Rb8 Qf7 29. Qa8 Qg7 30. Nd2 Qe7 31. Nxe4 fxe4 32. Qxc6 Qa3 33. Qc5 1-0

[Event "Berlin Lichtenberger op 18th"]
[Site "Berlin"]
[Date "2019.08.18"]
[Round "2"]
[White "Hahlbohm, Matthias"]
[Black "Morczynski, Joachim"]
[Result "1/2-1/2"]
[WhiteElo "2041"]
[BlackElo "1701"]
[PlyCount "59"]
[EventDate "2019.08.17"]
[EventType "swiss"]
[EventRounds "9"]
[EventCountry "GER"]
[SourceTitle "EXT 2020"]
[Source "ChessBase"]
[SourceDate "2019.10.17"]
[SourceVersion "1"]
[SourceVersionDate "2019.10.17"]
[SourceQuality "1"]

1. e4 c5 2. Nf3 Nc6 3. d4 cxd4 4. Nxd4 Nf6 5. Nc3 e5 6. Nf3 Bb4 7. Bc4 0-0 8. Qd3 d6 9. 0-0 Bg4 10. Bg5 Bxf3 11. gxf3 Bxc3 12. bxc3 h6 13. Bh4 g5 14. Bg3 Qc7 15. Rfd1 Rfd8 16. Qe3 Nh5 17. Bb3 Nf4 18. Rd2 Na5 19. Rad1 Nc4 20. Bxc4 Qxc4 21. Rxd6 Rxd6 22. Rxd6 Qxa2 23. Bxf4 gxf4 24. Qc5 Kh7 25. Kf1 Qb1+ 26. Ke2 Qxc2+ 27. Rd2 Qa4 28. Qxe5 Qa6+ 29. Kd1 Qa1+ 30. Ke2 1/2-1/2

[Event "Berlin-ch QT"]
[Site "Berlin"]
[Date "2019.04.26"]
[Round "7"]
[White "Hahlbohm, Matthias"]
[Black "Mayer, Herbert"]
[Result "1/2-1/2"]
[WhiteElo "2094"]
[BlackElo "1827"]
[PlyCount "66"]
[EventDate "2019.04.20"]
[EventType "swiss"]
[EventRounds "9"]
[EventCountry "GER"]
[SourceTitle "EXT 2020"]
[Source "ChessBase"]
[SourceDate "2019.10.17"]
[SourceVersion "1"]
[SourceVersionDate "2019.10.17"]
[SourceQuality "1"]

1. e4 c6 2. d4 d5 3. e5 Bf5 4. Bd3 Bxd3 5. Qxd3 e6 6. Nf3 Ne7 7. 0-0 Nd7 8. Bg5 Qb6 9. Nbd2 c5 10. Bxe7 Bxe7 11. c3 0-0 12. a3 Rac8 13. b4 cxb4 14. cxb4 a6 15. Nb3 Qa7 16. Nc5 Nxc5 17. bxc5 b6 18. cxb6 Qxb6 19. Rfb1 Qc6 20. g3 Qc3 21. Qd1 Rb8 22. Kg2 g6 23. a4 Rxb1 24. Rxb1 Rc8 25. Rb7 Rc7 26. Rb8+ Rc8 27. Qb1 a5 28. Qb7 Rxb8 29. Qxb8+ Kg7 30. Qe8 Qb4 31. h4 h6 32. Qd7 Bf8 33. Qb5 Qc3 1/2-1/2

[Event "Berlin-ch QT"]
[Site "Berlin"]
[Date "2019.04.23"]
[Round "4"]
[White "Scheike, Carsten"]
[Black "Hahlbohm, Matthias"]
[Result "0-1"]
[WhiteElo "1653"]
[BlackElo "2094"]
[PlyCount "90"]
[EventDate "2019.04.20"]
[EventType "swiss"]
[EventRounds "9"]
[EventCountry "GER"]
[SourceTitle "EXT 2020"]
[Source "ChessBase"]
[SourceDate "2019.10.17"]
[SourceVersion "1"]
[SourceVersionDate "2019.10.17"]
[SourceQuality "1"]

1. d4 d5 2. Nc3 e6 3. Bf4 Bd6 4. Bg3 f5 5. e3 Nf6 6. Bxd6 Qxd6 7. Nf3 Nbd7 8. Bd3 a6 9. 0-0 0-0 10. Ne2 b6 11. a3 Bb7 12. c3 g6 13. Nd2 e5 14. Re1 Rae8 15. Rc1 c5 16. Nf1 c4 17. Bb1 e4 18. Ba2 b5 19. a4 Bc6 20. axb5 axb5 21. b4 Nh5 22. Neg3 Ndf6 23. Bb1 Ra8 24. Re2 Bd7 25. Ra2 Rxa2 26. Bxa2 Ra8 27. Qd2 Ra3 28. Ne2 g5 29. g3 Kh8 30. Qb2 Ra8 31. Ra1 Rg8 32. Kh1 f4 33. Ng1 Bg4 34. Bb1 Qd7 35. exf4 gxf4 36. f3 Bxf3+ 37. Nxf3 exf3 38. Qf2 Qg4 39. Ra7 Ne4 40. Bxe4 dxe4 41. d5 e3 42. Nxe3 fxe3 43. Qxe3 Nxg3+ 44. hxg3 Qh3+ 45. Kg1 Qg2# 0-1

[Event "Berlin-ch QT"]
[Site "Berlin"]
[Date "2019.04.20"]
[Round "1"]
[White "Hahlbohm, Matthias"]
[Black "Stipic, Nicola"]
[Result "0-1"]
[WhiteElo "2094"]
[BlackElo "1867"]
[PlyCount "90"]
[EventDate "2019.04.20"]
[EventType "swiss"]
[EventRounds "9"]
[EventCountry "GER"]
[SourceTitle "EXT 2020"]
[Source "ChessBase"]
[SourceDate "2019.10.17"]
[SourceVersion "1"]
[SourceVersionDate "2019.10.17"]
[SourceQuality "1"]

1. e4 d5 2. e5 d4 3. f4 Bf5 4. Bc4 e6 5. d3 c5 6. Nf3 a6 7. a4 h6 8. 0-0 Nc6 9. Nbd2 Rb8 10. Qe2 Qc7 11. Ne4 b5 12. axb5 axb5 13. Ba2 Ra8 14. Bd2 Bxe4 15. Qxe4 Nge7 16. Nh4 Ra6 17. Bb3 Qa7 18. Rae1 g6 19. g4 h5 20. f5 gxf5 21. gxf5 Rg8+ 22. Kh1 Rg4 23. Rf4 Bh6 24. fxe6 Bxf4 25. exf7+ Kf8 26. Bxf4 Nd8 27. Bh6+ Rxh6 28. Qf3 Rxh4 29. Rg1 Rg4 30. Rxg4 hxg4 31. Qf4 Qb7+ 32. Kg1 Rg6 33. e6 c4 34. Qxd4 Nxe6 35. Qh8+ Ng8 36. fxg8R+ Rxg8 37. Qh6+ Ke7 38. dxc4 Qb6+ 39. c5 Qxc5+ 40. Kh1 Qe5 41. Bxe6 Qxe6 42. Qh7+ Kd6 43. Kg2 Rf8 44. Qa7 Qd5+ 45. Kg3 Qf3+ 0-1

[Event "Berlin-ch Seniors op 35th"]
[Site "Berlin"]
[Date "2019.02.07"]
[Round "9"]
[White "Simon, Ralf Axel"]
[Black "Hahlbohm, Matthias"]
[Result "1/2-1/2"]
[WhiteElo "2075"]
[BlackElo "2072"]
[PlyCount "77"]
[EventDate "2019.01.29"]
[EventType "swiss"]
[EventRounds "9"]
[EventCountry "GER"]
[SourceTitle "CBM 189 Extra"]
[Source "ChessBase"]
[SourceDate "2019.05.31"]
[SourceVersion "1"]
[SourceVersionDate "2019.05.31"]
[SourceQuality "1"]

1. Nf3 d5 2. e3 g6 3. c4 e6 4. Nc3 Bg7 5. b3 Nf6 6. Ba3 Nc6 7. Rc1 d4 8. exd4 Nxd4 9. Nxd4 Qxd4 10. Be2 a6 11. 0-0 Nd7 12. Na4 Qa7 13. Bf3 Rb8 14. Qe2 c5 15. b4 Bd4 16. bxc5 Ne5 17. Be4 Bd7 18. Nb6 Bc6 19. Bxc6+ Nxc6 20. Rb1 Rd8 21. Na4 0-0 22. Bb2 Rd7 23. Bxd4 Nxd4 24. Qe4 Nc6 25. Rb2 Rfd8 26. Qe3 Rd3 27. Qg5 R8d7 28. h4 Qb8 29. Rfb1 Kg7 30. h5 h6 31. Qg4 g5 32. Qe2 Qf4 33. Qe1 Rxd2 34. g3 Qf5 35. Rxd2 Rxd2 36. Qxd2 Qxb1+ 37. Kg2 Qe4+ 38. f3 Qxc4 39. Qc3+ 1/2-1/2

[Event "Berlin-ch Seniors op 35th"]
[Site "Berlin"]
[Date "2019.02.06"]
[Round "8"]
[White "Hahlbohm, Matthias"]
[Black "Richter, Hans Peter"]
[Result "1-0"]
[WhiteElo "2072"]
[BlackElo "2079"]
[PlyCount "61"]
[EventDate "2019.01.29"]
[EventType "swiss"]
[EventRounds "9"]
[EventCountry "GER"]
[SourceTitle "CBM 189 Extra"]
[Source "ChessBase"]
[SourceDate "2019.05.31"]
[SourceVersion "1"]
[SourceVersionDate "2019.05.31"]
[SourceQuality "1"]

1. e4 c5 2. Nf3 e6 3. c3 a6 4. d4 d5 5. e5 Qb6 6. a3 cxd4 7. cxd4 Nc6 8. Bd3 Bd7 9. Bc2 f6 10. 0-0 fxe5 11. dxe5 Nh6 12. Nc3 Nf7 13. Qe2 g6 14. Nxd5 exd5 15. e6 0-0-0 16. exf7 Bg4 17. Bg5 Nd4 18. Qd3 Bg7 19. Nxd4 Bxd4 20. Bxd8 Rxd8 21. Rae1 Bd7 22. Qf3 Qc5 23. Ba4 Bxa4 24. Rc1 Bc2 25. Rxc2 Qxc2 26. f8Q Rxf8 27. Qxf8+ Kd7 28. Re1 Qxb2 29. Re7+ Kc6 30. Qc8+ Kb5 31. Rxb7+ 1-0

[Event "Berlin Lichtenrade op 14th"]
[Site "Berlin"]
[Date "2018.10.31"]
[Round "5"]
[White "Hahlbohm, Matthias"]
[Black "Llopis de Aysa, Manuel"]
[Result "1/2-1/2"]
[WhiteElo "2088"]
[BlackElo "2092"]
[PlyCount "89"]
[EventDate "2018.10.27"]
[EventType "swiss"]
[EventRounds "9"]
[EventCountry "GER"]
[SourceTitle "CBM 187 Extra"]
[Source "ChessBase"]
[SourceDate "2018.11.04"]
[SourceVersion "1"]
[SourceVersionDate "2018.11.04"]
[SourceQuality "1"]

1. e4 g6 2. d4 Bg7 3. Nc3 c6 4. Be3 d5 5. f3 Qb6 6. Qd2 Qxb2 7. Rb1 Qa3 8. exd5 Nf6 9. Bc4 0-0 10. dxc6 bxc6 11. Nge2 Nbd7 12. 0-0 Nb6 13. Bb3 Ba6 14. Rfe1 Rfd8 15. Qc1 Qxc1 16. Rbxc1 Nfd5 17. Nxd5 cxd5 18. Rcd1 Rdc8 19. Nf4 e6 20. Nd3 Bxd3 21. Rxd3 Bf8 22. Bd2 Rab8 23. Rc3 Rxc3 24. Bxc3 Rc8 25. Bb2 Nc4 26. Bc1 Bb4 27. Rd1 Nb6 28. Bd2 Bxd2 29. Rxd2 Kf8 30. Kf2 Ke7 31. Ke2 Kd6 32. Kd3 Kc6 33. c3 Rb8 34. Rc2 Kd6 35. Re2 a5 36. a4 Nc8 37. Kc2 Ne7 38. f4 h5 39. Ba2 Ng8 40. Kd3 Nf6 41. g3 Rb7 42. Rc2 Nd7 43. Re2 Kc6 44. Rc2 Kd6 45. Re2 1/2-1/2

[Event "Berlin Lichtenrade op 14th"]
[Site "Berlin"]
[Date "2018.10.28"]
[Round "2"]
[White "Glantz, Robert"]
[Black "Hahlbohm, Matthias"]
[Result "1-0"]
[WhiteElo "2285"]
[BlackElo "2088"]
[PlyCount "65"]
[EventDate "2018.10.27"]
[EventType "swiss"]
[EventRounds "9"]
[EventCountry "GER"]
[SourceTitle "CBM 187 Extra"]
[Source "ChessBase"]
[SourceDate "2018.11.04"]
[SourceVersion "1"]
[SourceVersionDate "2018.11.04"]
[SourceQuality "1"]

1. e4 c5 2. Nf3 d6 3. d4 cxd4 4. Nxd4 Nf6 5. Nc3 a6 6. h3 e5 7. Nde2 Be7 8. g4 h6 9. Bg2 Nbd7 10. Ng3 Nb6 11. 0-0 g5 12. a4 Be6 13. Nd5 Nbxd5 14. exd5 Bd7 15. a5 b5 16. axb6 Qxb6 17. b3 Bd8 18. Re1 Kf8 19. Ba3 Kg7 20. c4 a5 21. Rc1 Rc8 22. c5 dxc5 23. Rxe5 Re8 24. Rxe8 Nxe8 25. Bxc5 Qa6 26. Bf1 Qb7 27. Nh5+ Kg8 28. Qd4 Qxb3 29. Re1 f6 30. Qe4 Rxc5 31. Qg6+ Kf8 32. Rxe8+ Bxe8 33. Qg7# 1-0

[Event "Berlin Lichtenberger op 17th"]
[Site "Berlin"]
[Date "2018.08.23"]
[Round "6"]
[White "Miowitz, Torsten"]
[Black "Hahlbohm, Matthias"]
[Result "1/2-1/2"]
[WhiteElo "1858"]
[BlackElo "2112"]
[PlyCount "97"]
[EventDate "2018.08.18"]
[EventType "swiss"]
[EventRounds "9"]
[EventCountry "GER"]
[SourceTitle "CBM 186 Extra"]
[Source "ChessBase"]
[SourceDate "2018.08.24"]
[SourceVersion "1"]
[SourceVersionDate "2018.08.24"]
[SourceQuality "1"]

1. d4 Nf6 2. c4 e6 3. Nc3 d5 4. cxd5 exd5 5. Bg5 c6 6. Qc2 h6 7. Bh4 Be7 8. e3 0-0 9. Bd3 Be6 10. Nge2 Re8 11. 0-0 Nbd7 12. f3 b5 13. e4 dxe4 14. fxe4 Nb6 15. b3 a6 16. Rad1 Ng4 17. Bf2 Bg5 18. h3 Nxf2 19. Kxf2 Qc8 20. Ng1 Bh4+ 21. g3 Bf6 22. e5 Be7 23. Bh7+ Kf8 24. Be4 Nd5 25. Nxd5 cxd5 26. Qxc8 Rexc8 27. Bb1 Ba3 28. Kg2 Rc7 29. Ne2 g5 30. Rf6 Kg7 31. Rdf1 Rb8 32. Rd1 a5 33. Rff1 a4 34. Rd2 Rbc8 35. Rdd1 axb3 36. axb3 Bb2 37. Rd2 Bc3 38. Ra2 b4 39. Bf5 Re8 40. Bb1 Ree7 41. Rc2 Re8 42. Ra2 Rec8 43. g4 Rb8 44. Rf6 Rbb7 45. Rf3 Be1 46. Rf1 Bh4 47. Rc1 Rxc1 48. Nxc1 Rc7 49. Ne2 1/2-1/2

[Event "Berlin Lichtenberger op 17th"]
[Site "Berlin"]
[Date "2018.08.21"]
[Round "4"]
[White "Hahlbohm, Matthias"]
[Black "Otter, Nils"]
[Result "1-0"]
[WhiteElo "2112"]
[BlackElo "1723"]
[PlyCount "87"]
[EventDate "2018.08.18"]
[EventType "swiss"]
[EventRounds "9"]
[EventCountry "GER"]
[SourceTitle "CBM 186 Extra"]
[Source "ChessBase"]
[SourceDate "2018.08.24"]
[SourceVersion "1"]
[SourceVersionDate "2018.08.24"]
[SourceQuality "1"]

1. e4 c5 2. Nf3 Nc6 3. Nc3 e5 4. Bc4 Be7 5. d3 Nf6 6. 0-0 0-0 7. h3 d6 8. Bg5 h6 9. Bxf6 Bxf6 10. a3 Ne7 11. Nd5 Nxd5 12. Bxd5 Qe7 13. b4 Be6 14. c4 Bxd5 15. cxd5 cxb4 16. axb4 Rfc8 17. Qb3 Bg5 18. Ra2 Rc7 19. Rc2 Rac8 20. Rxc7 Qxc7 21. h4 Bc1 22. Qa4 a6 23. d4 f6 24. dxe5 fxe5 25. h5 Bg5 26. Nxg5 hxg5 27. Qd1 Qf7 28. Qe2 Kh7 29. g3 Kh6 30. Kg2 Rc3 31. Rb1 Qd7 32. Qd1 Rc4 33. Qf3 g4 34. Qe2 b5 35. Ra1 Qc8 36. Rh1 Rc2 37. Qe3+ Kh7 38. h6 g6 39. Rh4 Qd7 40. Qd3 Qc8 41. Qd1 Rc4 42. Rxg4 Rxb4 43. Qf3 Qd7 44. Qf6 1-0

[Event "Berlin Lichtenberger op 17th"]
[Site "Berlin"]
[Date "2018.08.19"]
[Round "2"]
[White "Hahlbohm, Matthias"]
[Black "Kautz, Stefan"]
[Result "1-0"]
[WhiteElo "2112"]
[BlackElo "1894"]
[PlyCount "67"]
[EventDate "2018.08.18"]
[EventType "swiss"]
[EventRounds "9"]
[EventCountry "GER"]
[SourceTitle "CBM 186 Extra"]
[Source "ChessBase"]
[SourceDate "2018.08.24"]
[SourceVersion "1"]
[SourceVersionDate "2018.08.24"]
[SourceQuality "1"]

1. e4 c5 2. Nf3 d6 3. d4 cxd4 4. Nxd4 Nf6 5. Nc3 e6 6. Be3 Be7 7. Be2 0-0 8. 0-0 a6 9. a4 Qc7 10. a5 Nbd7 11. f4 b5 12. axb6 Nxb6 13. Qd3 Bb7 14. Bf3 d5 15. e5 Nfd7 16. b3 Rfc8 17. Nce2 Nc5 18. Qd2 Ncd7 19. Ra2 g6 20. h3 Nc5 21. Rfa1 Ne4 22. Bxe4 dxe4 23. c4 Nd7 24. Kh1 Nc5 25. Nc3 Rd8 26. Qf2 Nd3 27. Qg1 Bc5 28. Na4 Bxd4 29. Bxd4 Nxf4 30. Rf1 Nh5 31. Kh2 f6 32. g4 fxe5 33. Bb6 Qd6 34. gxh5 1-0

[Event "Berlin-ch QT"]
[Site "Berlin"]
[Date "2018.04.05"]
[Round "6"]
[White "Kievelitz, Bernd"]
[Black "Hahlbohm, Matthias"]
[Result "0-1"]
[WhiteElo "1926"]
[BlackElo "2105"]
[PlyCount "78"]
[EventDate "2018.03.31"]
[EventType "swiss"]
[EventRounds "9"]
[EventCountry "GER"]
[SourceTitle "EXT 2020"]
[Source "ChessBase"]
[SourceDate "2019.10.17"]
[SourceVersion "1"]
[SourceVersionDate "2019.10.17"]
[SourceQuality "1"]

1. Nf3 d5 2. d4 Nf6 3. c4 e6 4. Nc3 c6 5. Qb3 Be7 6. Bg5 h6 7. Bh4 0-0 8. e3 Nbd7 9. Bd3 b6 10. cxd5 exd5 11. 0-0 Bb7 12. Rac1 Ne4 13. Bxe7 Qxe7 14. Qc2 Nd6 15. e4 dxe4 16. Nxe4 c5 17. Nxd6 Qxd6 18. dxc5 Nxc5 19. Rfd1 Qf6 20. b4 Bxf3 21. gxf3 Nxd3 22. Qxd3 Rac8 23. Rxc8 Rxc8 24. Qe4 g6 25. Rd7 Qa1+ 26. Kg2 Qxa2 27. Qd4 h5 28. b5 Rf8 29. f4 Qe2 30. Rxa7 Qxb5 31. h4 Qc6+ 32. f3 b5 33. Kg3 Re8 34. Rd7 Rb8 35. f5 gxf5 36. Rd6 Qc4 37. Qf6 f4+ 38. Qxf4 Qxf4+ 39. Kxf4 b4 0-1

[Event "Berlin Lichtenberger op 16th"]
[Site "Berlin"]
[Date "2017.08.24"]
[Round "6"]
[White "Hahlbohm, Matthias"]
[Black "Dellert, Lena"]
[Result "1-0"]
[WhiteElo "2106"]
[BlackElo "1851"]
[PlyCount "175"]
[EventDate "2017.08.19"]
[EventType "swiss"]
[EventRounds "9"]
[EventCountry "GER"]
[SourceTitle "CBM 180 Extra"]
[Source "ChessBase"]
[SourceDate "2017.10.06"]
[SourceVersion "1"]
[SourceVersionDate "2017.10.06"]
[SourceQuality "1"]

1. e4 e5 2. Nf3 Nc6 3. Bc4 Nf6 4. d3 Bc5 5. Be3 Bb6 6. Bxb6 axb6 7. a3 d6 8. h3 0-0 9. 0-0 Ne7 10. Nc3 Ng6 11. Kh2 Nf4 12. Ne2 N6h5 13. Ng3 Nf6 14. d4 exd4 15. Qxd4 Be6 16. Bd3 Nxd3 17. cxd3 c5 18. Qc3 d5 19. Ne5 d4 20. Qc2 Qc7 21. f4 b5 22. Rac1 Rac8 23. Qf2 Rfd8 24. Ne2 b6 25. Kh1 Bb3 26. Nf3 Qb7 27. f5 Ba4 28. Nd2 b4 29. axb4 Bb5 30. Nc4 Re8 31. bxc5 bxc5 32. Nf4 Bxc4 33. Rxc4 Qa6 34. Rfc1 Nd7 35. Qe2 Qd6 36. Qf1 Ne5 37. R4c2 Rc6 38. Nd5 f6 39. Rd2 Nf7 40. Nf4 Ne5 41. Ne6 Nd7 42. Rdc2 Rec8 43. Qf3 Nf8 44. Nxf8 Kxf8 45. Rc4 g6 46. fxg6 hxg6 47. Qd1 Kg7 48. Qc2 Rb6 49. b4 Qg3 50. Rxc5 Rcb8 51. Rc7+ Kh6 52. Rc4 Rxb4 53. Qd2+ Qe3 54. Qxe3+ dxe3 55. Rxb4 Rxb4 56. Re1 Rb2 57. Rxe3 Rd2 58. Rf3 Kg5 59. Kh2 f5 60. exf5 gxf5 61. Kg3 f4+ 62. Rxf4 Rxd3+ 63. Rf3 Rd4 64. Ra3 Rb4 65. Ra5+ Kg6 66. h4 Rb3+ 67. Kg4 Rb4+ 68. Kh3 Rb3+ 69. g3 Rb4 70. Ra6+ Kh7 71. h5 Rb3 72. Kh4 Rb1 73. g4 Rb4 74. h6 Rc4 75. Kh5 Rb4 76. Ra7+ Kh8 77. g5 Rb5 78. Re7 Kg8 79. Kg6 Rb6+ 80. Kf5 Rb5+ 81. Re5 Rb1 82. Kf6 Rf1+ 83. Kg6 Rf8 84. Kh5 Rf1 85. Ra5 Rb1 86. Ra8+ Kf7 87. g6+ Kf6 88. g7 1-0

[Event "Berlin Lichtenberger op 16th"]
[Site "Berlin"]
[Date "2017.08.21"]
[Round "3"]
[White "Brustkern, Juergen"]
[Black "Hahlbohm, Matthias"]
[Result "1-0"]
[WhiteElo "2255"]
[BlackElo "2106"]
[PlyCount "49"]
[EventDate "2017.08.19"]
[EventType "swiss"]
[EventRounds "9"]
[EventCountry "GER"]
[SourceTitle "CBM 180 Extra"]
[Source "ChessBase"]
[SourceDate "2017.10.06"]
[SourceVersion "1"]
[SourceVersionDate "2017.10.06"]
[SourceQuality "1"]

1. e4 c5 2. c3 d5 3. exd5 Qxd5 4. d4 cxd4 5. cxd4 Nc6 6. Nf3 e6 7. Nc3 Bb4 8. Bd3 Nf6 9. 0-0 Qd8 10. a3 Be7 11. Bc2 0-0 12. Qd3 g6 13. Bh6 Re8 14. Rfe1 b6 15. Rad1 Bb7 16. Bb1 Qd7 17. Ba2 Rad8 18. Bg5 Qc8 19. Qd2 Nb8 20. Ne5 Nbd7 21. Nxf7 Kxf7 22. Rxe6 Kg7 23. Rde1 Bf8 24. Qf4 Nh5 25. Qf7+ 1-0

[Event "Berlin Lichtenberger op 16th"]
[Site "Berlin"]
[Date "2017.08.20"]
[Round "2"]
[White "Hahlbohm, Matthias"]
[Black "Schulz, Toni1"]
[Result "1-0"]
[WhiteElo "2106"]
[BlackElo "1878"]
[PlyCount "79"]
[EventDate "2017.08.19"]
[EventType "swiss"]
[EventRounds "9"]
[EventCountry "GER"]
[SourceTitle "CBM 180 Extra"]
[Source "ChessBase"]
[SourceDate "2017.10.06"]
[SourceVersion "1"]
[SourceVersionDate "2017.10.06"]
[SourceQuality "1"]

1. e4 d5 2. e5 Bf5 3. d4 e6 4. Bd3 Bxd3 5. Qxd3 c6 6. f4 Ne7 7. Nf3 Nf5 8. 0-0 Nd7 9. Kh1 h5 10. c3 Be7 11. Be3 g6 12. Nbd2 Qb6 13. b4 h4 14. Rfb1 a6 15. a4 0-0 16. Bf2 Kg7 17. Nb3 Qc7 18. Rb2 Rh8 19. Kg1 Nb6 20. Nfd2 g5 21. a5 Nd7 22. fxg5 Bxg5 23. Nf3 Be7 24. Nc5 Rag8 25. Be3 Kf8 26. Rf1 Ke8 27. Rbf2 Nf8 28. Ne1 Nh7 29. Nf3 Rg7 30. h3 Rhg8 31. Bf4 Ng5 32. Kh2 Ng3 33. Rb1 N5e4 34. Rc2 Kd8 35. c4 dxc4 36. Qxc4 Bxc5 37. bxc5 Qxa5 38. Rxb7 Kc8 39. Rb1 Nh5 40. Bc1 1-0

[Event "Berlin-ch QT"]
[Site "Berlin"]
[Date "2017.04.09"]
[Round "1"]
[White "Hahlbohm, Matthias"]
[Black "Mako, Atila"]
[Result "1-0"]
[WhiteElo "2100"]
[BlackElo "1655"]
[PlyCount "57"]
[EventDate "2017.04.09"]
[EventType "swiss"]
[EventRounds "9"]
[EventCountry "GER"]
[SourceTitle "CBM 189 Extra"]
[Source "ChessBase"]
[SourceDate "2019.05.31"]
[SourceVersion "1"]
[SourceVersionDate "2019.05.31"]
[SourceQuality "1"]

1. e4 d6 2. d4 Nf6 3. Nc3 g6 4. f3 Bg7 5. Be3 0-0 6. Qd2 Re8 7. 0-0-0 a6 8. g4 Bd7 9. e5 Nxg4 10. fxg4 Bxg4 11. Be2 Bxe2 12. Qxe2 dxe5 13. dxe5 Qc8 14. Nf3 Nd7 15. Bf4 b5 16. e6 Nf6 17. Ng5 fxe6 18. Qxe6+ Qxe6 19. Nxe6 Nh5 20. Nxg7 Nxg7 21. Bxc7 Rac8 22. Be5 Nf5 23. a3 Rc5 24. Rd5 Rc6 25. Re1 Rec8 26. Re2 Re6 27. Ne4 Rec6 28. Bc3 a5 29. Rxb5 1-0

[Event "Berlin-ch Seniors op 33rd"]
[Site "Berlin"]
[Date "2017.02.09"]
[Round "9"]
[White "Federau, Juergen"]
[Black "Hahlbohm, Matthias"]
[Result "1/2-1/2"]
[WhiteElo "2084"]
[BlackElo "2087"]
[PlyCount "59"]
[EventDate "2017.01.31"]
[EventType "swiss"]
[EventRounds "9"]
[EventCountry "GER"]
[SourceTitle "EXT 2019"]
[Source "ChessBase"]
[SourceDate "2018.10.10"]
[SourceVersion "1"]
[SourceVersionDate "2018.10.10"]
[SourceQuality "1"]

1. d4 d5 2. c4 e6 3. Nc3 Nf6 4. cxd5 exd5 5. Bg5 Be7 6. e3 c6 7. Qc2 h6 8. Bh4 0-0 9. Bd3 Nbd7 10. Nge2 Re8 11. 0-0 Nf8 12. f3 Be6 13. Rad1 Qa5 14. a3 Rac8 15. Bf2 Qc7 16. h3 a6 17. e4 dxe4 18. fxe4 b5 19. Qd2 Red8 20. Be3 Ng6 21. Nf4 Bb3 22. Nxg6 fxg6 23. Rc1 g5 24. Qe2 Qb7 25. Qf3 Kh8 26. e5 Nh7 27. Qe4 Bg8 28. Ne2 Qd7 29. Bb1 Qd5 30. Nc3 1/2-1/2

[Event "Berlin Lichtenrade op 12th"]
[Site "Berlin"]
[Date "2016.10.29"]
[Round "8"]
[White "Hahlbohm, Matthias"]
[Black "Barisch, Florian"]
[Result "1-0"]
[WhiteElo "2100"]
[BlackElo "1914"]
[PlyCount "101"]
[EventDate "2016.10.22"]
[EventType "swiss"]
[EventRounds "9"]
[EventCountry "GER"]
[SourceTitle "EXT 2018"]
[Source "ChessBase"]
[SourceDate "2017.10.13"]
[SourceVersion "1"]
[SourceVersionDate "2017.10.13"]
[SourceQuality "1"]

1. e4 e6 2. d4 d5 3. e5 c5 4. c3 Nc6 5. Nf3 Qb6 6. a3 c4 7. g3 Bd7 8. Bh3 Na5 9. Nbd2 Ne7 10. 0-0 Nf5 11. Bxf5 exf5 12. Re1 Be6 13. Rb1 Rd8 14. Qc2 Be7 15. Nf1 Nb3 16. Bg5 a5 17. Bxe7 Kxe7 18. N3d2 a4 19. Nxb3 Qxb3 20. Qd2 h6 21. h4 Qb5 22. Ne3 Rdg8 23. Ng2 Qd7 24. f3 Kd8 25. Kf2 Kc7 26. Rh1 Qe7 27. Rbg1 b5 28. Ne3 Qd7 29. Rh2 Kb7 30. Ke1 Kc6 31. Qe2 Kb7 32. Kd2 Kc8 33. Rf1 Kb7 34. g4 f4 35. Ng2 g5 36. Rfh1 Qd8 37. Ne1 Qf8 38. hxg5 hxg5 39. Rh5 Rxh5 40. Rxh5 Qg7 41. Qh2 Kc7 42. Kc1 Kb7 43. Rh6 Kc7 44. Qh5 Kb7 45. Kd2 Kc7 46. Ke2 Kb7 47. Nc2 Kc7 48. Nb4 Kb7 49. Rh7 Qf8 50. Qh6 Qe8 51. Qf6 1-0